[Event "KEN-ch (Women)"]
[Site "Nairobi"]
[Date "2024.02.16"]
[Round "7"]
[White "Madelta, Glenda"]
[Black "Kaloki, Zuri"]
[Result "0-1"]
[WhiteElo "1522"]
[BlackElo "1285"]
[PlyCount "80"]
[EventDate "2024.02.09"]
[EventType "tourn"]
[EventRounds "11"]
[EventCountry "KEN"]
[SourceTitle "CB08_2024"]
[SourceDate "2024.02.21"]
[SourceVersion "1"]
[SourceVersionDate "2024.02.21"]
[SourceQuality "1"]

1. d4 d5 2. Bf4 c5 3. e3 Nc6 4. Nf3 Nf6 5. Nc3 a6 6. Be2 Bf5 7. a3 e6 8. 0-0 cxd4 9. Nxd4 Nxd4 10. exd4 Bd6 11. Be5 Bxe5 12. dxe5 Nd7 13. Bd3 Bxd3 14. Qxd3 Nxe5 15. Qd4 f6 16. Rac1 0-0 17. f4 Nc6 18. Qc5 Re8 19. f5 d4 20. Ne4 e5 21. b4 Re7 22. Nd6 Qd7 23. Qc4+ Kf8 24. Ne4 Nd8 25. Nc5 Qc6 26. Qd3 Qd5 27. Rf3 b6 28. c4 Qc6 29. Ne4 Nf7 30. Rh3 Nh6 31. Qf3 Rd8 32. c5 bxc5 33. Nxc5 Qxf3 34. Rxf3 Rd6 35. h3 Nf7 36. Ne6+ Rexe6 37. fxe6 Rxe6 38. Rd3 Ke7 39. h4 Kd7 40. g4 Rc6 0-1

[Event "KEN-ch (Women)"]
[Site "Nairobi"]
[Date "2024.02.11"]
[Round "5"]
[White "Kimani, Wanjiru"]
[Black "Kaloki, Zuri"]
[Result "1-0"]
[WhiteElo "1403"]
[BlackElo "1285"]
[PlyCount "103"]
[EventDate "2024.02.09"]
[EventType "tourn"]
[EventRounds "11"]
[EventCountry "KEN"]
[SourceTitle "CB08_2024"]
[SourceDate "2024.02.21"]
[SourceVersion "1"]
[SourceVersionDate "2024.02.21"]
[SourceQuality "1"]

1. Nf3 d5 2. g3 Nc6 3. Bg2 e5 4. d3 Be6 5. 0-0 f6 6. Re1 Qd7 7. c3 g5 8. b4 a6 9. Nbd2 h5 10. h4 gxh4 11. Nxh4 Nge7 12. e4 d4 13. c4 Nxb4 14. Qb3 c5 15. a3 Nbc6 16. Rb1 Na5 17. Qc2 Bh6 18. Nb3 Nxb3 19. Qxb3 Rb8 20. Bxh6 Rxh6 21. Qc2 Qc7 22. Qd2 Rh8 23. Kh2 Kd7 24. Bf3 Bg4 25. Bxg4+ hxg4 26. Kg2 Rbg8 27. Qb2 Kc6 28. Qb3 Rb8 29. Qd1 Qd7 30. Qa4+ Kd6 31. Rb6+ Nc6 32. Qa5 Rh5 33. Reb1 Rbh8 34. Qd2 Rb8 35. Qb2 Rh7 36. Qe2 Kc7 37. Nf5 Qd8 38. Qxg4 Qh8 39. Nh4 Na5 40. Qe6 Nc6 41. Qf5 Kd6 42. Kf1 Qg7 43. Qf3 Qg5 44. Qf5 Qxf5 45. Nxf5+ Ke6 46. Rxc6+ bxc6 47. Rxb8 Ra7 48. Re8+ Kf7 49. Rc8 Ke6 50. Rxc6+ Kf7 51. Rxc5 Rb7 52. Nd6+ 1-0